00783nam a2200217Ii 45000010005000000030009000050080041000140400033000550410008000880820013000961000032001092450065001412640060002063000012002663360026002783370028003043380027003329400050003599990017004099520139004266449CO-ViMGA241108s9999||||xx |||||||||||||| ||und|| aCO-ViMGAbspaerdacCO-ViMGA0 aunk04a863.3-Q51 aFrancisco de Quevedo94695510aDos novelas picarescas :bel lazarillo de tormes y el buscon 1a[Lugar de publicación no identificado] : Bedout, 1970 avolumen atextbtxt2rdacontent aunmediatedbn2rdamedia avolumebnc2rdacarrier aidficha_siabuc: 6300. -- ficha_no_siabuc:6449 c51679d51679 001040708001aMEVIGERRbMEVIGERRcGENd2006-11-27hVol.1o863.3-Q5pECA5877r2024-11-26 10:08:31tEj.1w2024-11-26yBKz6300 | 8832